Chemistry : the molecular nature of matter and change /
Saved in:
| Main Author: | |
|---|---|
| Format: | Book (Paper) |
| Published: |
St. Louis :
Mosby,
c1996.
|
| Subjects: | |
| Tags: |
Add Tag
No Tags, Be the first to tag this record!
|
| Institutions: | Thư viện Trường Đại học Đà Lạt |
|---|
| LEADER | 00945nam a2200337 4500 | ||
|---|---|---|---|
| 001 | DLU030024730 | ||
| 005 | ##19950927102219.5 | ||
| 008 | ##950407s1996 moua 001 0 eng d | ||
| 010 | # | # | |a 95194192 |
| 020 | # | # | |a 0815185057 |
| 035 | # | # | |9 (DLC) 95194192 |
| 035 | # | # | |a (OCoLC)32271305 |
| 040 | # | # | |a FM |c FM |d DLC |
| 042 | # | # | |a lccopycat |
| 050 | # | # | |a QD33 |b .S576 1996 |
| 082 | # | # | |a 540 |b SI-M |
| 100 | # | # | |a Silberberg, Martin. |
| 245 | # | # | |a Chemistry : |b the molecular nature of matter and change / |c Martin Silberberg ; consultants, L. Peter Gold ... [et al.]. |
| 260 | # | # | |a St. Louis : |b Mosby, |c c1996. |
| 300 | # | # | |a 1 v. (various pagings) : |b ill. (some col.) ; |c 27 cm. |
| 500 | # | # | |a Includes index. |
| 650 | # | # | |a Chemistry. |
| 992 | # | # | |a 0 |
| 994 | # | # | |a DLU |
| 900 | # | # | |a True |
| 911 | # | # | |a Lê Thị Mạnh Xuân |
| 925 | # | # | |a G |
| 926 | # | # | |a A |
| 927 | # | # | |a SH |
| 980 | # | # | |a Thư viện Trường Đại học Đà Lạt |


